000 00553nam a2200181 a 4500
001 12412
003 CO-ViMGA
008 141112s2004 ck r 000 u spa d
040 _aCO-ViMGA
_bspa
_cCO-ViMGA
082 0 4 _a551.48 L759h
100 1 _aLinsley, Jr Ray
_917820
245 1 0 _aHidrologia para Ingenieros
260 _aMexico :
_bMacGraw Hill,
_c1968
300 _a350p.
590 _aForma de adquisición : DONACION - - Proveedor : MARINA TRUJILLO - - Fecha de adquisición : SEPTIEMBRE - 2000
650 1 4 _aHIDROLOGIA
_93470
942 _2ddc
_cBK
999 _c23421
_d23421